000 00782nas a2200253 4500
001 BR7900092
003 BR-BrBNA
005 20231205083607.0
007 ta
008 230509b bl.|||p| |||| 00| 00por d
040 _aBR-BrBNA
_bpor
_cBiblioteca Nacional de Agricultura
041 _a(Pt)
072 _aF30
100 1 _aBarbosa, H.M.
100 1 _aGlover, D.V.
245 1 _aIsolamento e descricao de endospermas duplo-mutantes de milho (Zea mays L.)envolvendo o gene opaco-2
_bParte de tese
650 _aMELHORAMENTO GENETICO VEGETAL
650 _aMILHO
650 _aENDOSPERMA
650 _aLINHAGEM
773 0 _tExperientiae (Brazil)
_xISSN 0014-4762
_g(Mar 1978), v. 24(3) p. 43-54
_wBR7900092
909 _a202311
_bLúcia
_c55
_dLúcia Elande
942 _2AGRIS
_n0
_cANA
999 _c99912
_d99912